| 000 | 00337nam a22001217a 4500 | ||
|---|---|---|---|
| 008 | 141118b xxu||||| |||| 00| 0 eng d | ||
| 050 | _aPR 6023.E 833 G6 1957 | ||
| 100 |
_aLessing, Doris _912731 |
||
| 245 |
_aGoing home / _cDoris Lessing |
||
| 260 |
_aLondon _bMichael Joseph _c1957 |
||
| 300 |
_a252p. : _c22cm. |
||
| 942 |
_2lcc _cMONOGRAPH |
||
| 999 |
_c121272 _d121272 |
||